علیگڑھ تحریک اور ادب اردو / (Record no. 173366)

MARC details
000 -LEADER
fixed length control field 00549nam a22001817a 4500
005 - DATE AND TIME OF LATEST TRANSACTION
control field 20200222121846.0
010 ## - LCCN (DPL NO)
LC control number B-24538
020 ## - INTERNATIONAL STANDARD BOOK NUMBER
Terms of availability 35.00
035 ## - SYSTEM CONTROL NUMBER
System control number B-24538
037 ## - SOURCE OF ACQUISITION
Source of stock number/acquisition Cen Lib/Ret
082 ## - DEWEY DECIMAL CLASSIFICATION NUMBER
Classification number 840
100 ## - MAIN ENTRY--PERSONAL NAME
Personal name مشیر احمد
245 ## - TITLE STATEMENT
Title علیگڑھ تحریک اور ادب اردو /
Statement of responsibility, etc مشیر احمد
246 ## - VARYING FORM OF TITLE
Title proper/short title Aligarh Tehreek Aur Adab Urdu /
Remainder of title by Masheer Ahmed
260 ## - PUBLICATION, DISTRIBUTION, ETC. (IMPRINT)
Place of publication, distribution, etc Patna
Name of publisher, distributor, etc Khuda Bakhsh Oriental Public Library
Date of publication, distribution, etc 1999 ء
300 ## - PHYSICAL DESCRIPTION
Extent 104p.
Dimensions 23cm(Hb)
942 ## - ADDED ENTRY ELEMENTS (KOHA)
Source of classification or shelving scheme Dewey Decimal Classification
Item type Urdu Bks
Classification part 840
Call number suffix ع ل ی
Holdings
Withdrawn status Lost status Not for loan Collection code Home library Current library Date acquired Source of acquisition Cost, normal purchase price Full call number Barcode Copy number Cost, replacement price Koha item type
      Non-fiction Central Library Central Library 22/02/2020 BPPD/Ven. 35.00 840 ع ل ی B-24538 1 35.00 Urdu Bks

© Delhi Public Library
Hit Counter
free hit counter